000 00370nam a2200133Ia 4500
005 20260328101518.0
008 260328s9999||||xx |||||||||||||| ||und||
100 _aAndrade Romero, Marcelo de
245 0 _aMetrĂ³poles e o desafio Urbano frente ao meio ambiente /
_cMarcelo de Andrade Romero
260 _bBlucher
300 _a119 p.
650 _aURBANISMO
942 _cBK
999 _c9476
_d9476